Transco plc (formerly BG plc and BG Transco plc) (Appellants) v Stockport MBC (Respondants) (Record no. 73848)

MARC details
000 -LEADER
fixed length control field 01512cam a2200265 4500
001 - CONTROL NUMBER
control field ABS67286
008 - FIXED-LENGTH DATA ELEMENTS--GENERAL INFORMATION
fixed length control field 031125n2003 000 0 eng u
035 ## - SYSTEM CONTROL NUMBER
System control number (Sirsi) u124459
245 ## - TITLE STATEMENT
Title Transco plc (formerly BG plc and BG Transco plc) (Appellants) v Stockport MBC (Respondants)
260 ## - PUBLICATION, DISTRIBUTION, ETC.
Date of publication, distribution, etc. 2003
490 ## - SERIES STATEMENT
Series statement Weekly Law Reports
Volume/sequential designation [2003] 3 WLR 1467-1504(37)
520 ## - SUMMARY, ETC.
Summary, etc. [2003] UKHL 61, 19 November 2003. HL upheld the CA decision ([2001] EWCA Civ 212, [2001] Env LR 763) that S was not liable for the cost of remedial work needed when a leak from a water main caused an embankment protecting and supporting T's gas main to collapse on the grounds that the piping of a water supply on S's land was an ordinary use of its land within the principles of "Rylands v Fletcher" [1868] LR 3 HL 330. The HL reviewed scope and application of "Rylands v Fletcher" concluding that the strict liability rule should not disregarded in favour of a fault based rule. Appeal dismissed. View judgment at www.parliament.the-stationery-office.co.uk.
590 ## - LOCAL NOTE (RLIN)
Local note ABS
650 ## - SUBJECT ADDED ENTRY--TOPICAL TERM
Topical term or geographic name entry element TRANSCO PLC V STOCKPORT MBC
650 ## - SUBJECT ADDED ENTRY--TOPICAL TERM
Topical term or geographic name entry element STRICT LIABILITY
650 ## - SUBJECT ADDED ENTRY--TOPICAL TERM
Topical term or geographic name entry element RYLANDS V FLETCHER
650 ## - SUBJECT ADDED ENTRY--TOPICAL TERM
Topical term or geographic name entry element WATER PIPES
650 ## - SUBJECT ADDED ENTRY--TOPICAL TERM
Topical term or geographic name entry element EASEMENTS
650 ## - SUBJECT ADDED ENTRY--TOPICAL TERM
Topical term or geographic name entry element LEAKAGE
650 ## - SUBJECT ADDED ENTRY--TOPICAL TERM
Topical term or geographic name entry element NUISANCE
650 ## - SUBJECT ADDED ENTRY--TOPICAL TERM
Topical term or geographic name entry element NEGLIGENCE
690 ## - LOCAL SUBJECT ADDED ENTRY--TOPICAL TERM (OCLC, RLIN)
Topical term or geographic name as entry element PROPERTY AND LAND LAW-CASE LAW
856 ## - ELECTRONIC LOCATION AND ACCESS
Uniform Resource Identifier <a href="https://www.parliament.the-stationery-office.co.uk/pa/ld200203/ldjudgmt/jd031119/trans-1.htm">https://www.parliament.the-stationery-office.co.uk/pa/ld200203/ldjudgmt/jd031119/trans-1.htm</a>
Public note View judgment on the UK Parliament website...
942 ## - ADDED ENTRY ELEMENTS (KOHA)
Suppress in OPAC 0
Holdings
Withdrawn status Lost status Source of classification or shelving scheme Damaged status Not for loan Home library Current library Shelving location Date acquired Total Checkouts Full call number Barcode Date last seen Copy number Price effective from Koha item type
    Dewey Decimal Classification     London London Journal article 25/11/2003   ABS67286 124459-1001 06/08/2019 1 06/08/2019 Law report